[Event "XXIX Andorra Open"]
[Site "Arinsal AND"]
[Date "2011.07.23"]
[Round "8.8"]
[White "Del Rio de Angelis,S"]
[Black "Popilski,G"]
[Result "1/2-1/2"]
[WhiteElo "2509"]
[BlackElo "2376"]

1.d4 Nf6 2.c4 g6 3.Nc3 d5 4.cxd5 Nxd5 5.e4 Nxc3 6.bxc3 Bg7 7.Nf3 c5 8.Rb1 O-O
9.Be2 Nc6 10.d5 Ne5 11.Nxe5 Bxe5 12.Qd2 e6 13.f4 Bc7 14.O-O exd5 15.exd5 Ba5
16.Rb3 b6 17.Qd1 c4 18.Bxc4 Bb7 19.d6 Rc8 20.Bd5 Bxd5 21.Qxd5 Qf6 22.c4 Rc5
23.Qd3 Rd8 24.Rd1 Qe6 25.Bb2 Rxc4 26.Rb5 Re4 27.Re5 Rxe5 28.fxe5 Bb4 29.Rf1 Qxa2
30.Ba1 Bc5+ 31.Kh1 Qe6 32.Qb1 a5 33.h3 a4 34.Rf6 Qd5 35.Rf1 a3 36.Qc1 b5
37.Rd1 Qb3 38.Re1 Qg3 39.Rf1 Qe3 40.Qd1 Qe4 41.Qb3 Qc4 42.Qf3 Qe6 43.Rc1 Bb4
44.Qb7 Bd2 45.Rd1 Bf4 46.Qb6 Ra8 47.Qxb5 h5 48.Qc6 Rc8 49.Qe4 Rc1 50.Rxc1 Bxc1
51.Qd3 Bg5 52.Qxa3 Qc4 53.Kg1 Qe2 54.Qa8+ Kh7 55.Qf3 Qe1+ 56.Kh2 Qxa1 57.Qxf7+ Kh6
58.Qf8+  1/2-1/2

[Event "Czech GM Open A"]
[Site "Pardubice CZE"]
[Date "2011.07.23"]
[Round "2.110"]
[White "Wagner,De"]
[Black "Jeitz,C"]
[Result "1/2-1/2"]
[WhiteElo "2287"]
[BlackElo "2165"]

1.d4 Nf6 2.c4 g6 3.Nc3 d5 4.cxd5 Nxd5 5.e4 Nxc3 6.bxc3 Bg7 7.Bc4 O-O 8.Ne2 c5
9.O-O Nc6 10.Be3 Na5 11.Bd3 b6 12.Rc1 e6 13.Qd2 Bb7 14.h4 e5 15.dxc5 Qxh4
16.cxb6 axb6 17.Qc2 b5 18.Rb1 Bc6 19.Rb4 Rfb8 20.Rfb1 Bf8 21.a4 Bxb4 22.cxb4 Nc4
23.Bxc4 bxc4 24.Nc3 Rd8 25.b5 Bb7 26.f3 Rd3 27.Bb6 Qg5 28.Qc1 Qxc1+ 29.Rxc1 Rxc3
30.Rxc3 Rxa4 31.Bc7 f6 32.Rc2 Kf7 33.Kf2 Ke6 34.Rd2 c3 35.Rc2 Ra3 36.Ke2 Rb3
37.Ba5 Rxb5 38.Bxc3 f5 39.exf5+ gxf5 40.Rb2 Rxb2+ 41.Bxb2 Ba6+  1/2-1/2

[Event "16th Balaguer Open"]
[Site "Balaguer ESP"]
[Date "2011.07.24"]
[Round "8"]
[White "Codina Garcia,J"]
[Black "Pages Jane,J"]
[Result "1-0"]
[WhiteElo "2133"]
[BlackElo "1731"]

1.d4 Nf6 2.c4 g6 3.Nc3 d5 4.cxd5 Nxd5 5.e4 Nxc3 6.bxc3 Bg7 7.Bc4 O-O 8.Ne2 c5
9.Be3 cxd4 10.cxd4 Nc6 11.O-O Bg4 12.f3 Bd7 13.Rc1 Na5 14.Bd3 e6 15.Qd2 b6
16.Bh6 Rc8 17.Bxg7 Kxg7 18.Qb2 Kg8 19.Rfd1 Qg5 20.f4 Qe7 21.e5 Rxc1 22.Rxc1 Rc8
23.Nc3 Nc4 24.Bxc4 Rxc4 25.Ne4 Rxc1+ 26.Qxc1 Qd8 27.Nd6 a5 28.Qc4 h5 29.h3 Kg7
30.Kh2 Qh4 31.g3 Qd8 32.h4 Qb8 33.f5 gxf5 34.Qc1 Qg8 35.Qg5+ Kh7 36.Qxh5+ Kg7
37.Qg5+ Kh7 38.Qe7 Bc6 39.Nxf7 Qg7 40.Qxe6 Be4 41.Ng5+ Kh8 42.Qxb6  1-0

[Event "2nd ch-Vojvodina"]
[Site "Novi Sad SRB"]
[Date "2011.07.24"]
[Round "2.21"]
[White "Brajovic,S"]
[Black "Mastrapovic,V"]
[Result "0-1"]
[WhiteElo "2039"]
[BlackElo "2266"]

1.c4 Nf6 2.Nc3 d5 3.cxd5 Nxd5 4.e4 Nxc3 5.bxc3 g6 6.d4 Bg7 7.Nf3 c5 8.Be3 Qa5
9.Qd2 Nc6 10.e5 O-O 11.Be2 Rd8 12.O-O Nxe5 13.Nxe5 Bxe5 14.dxe5 Rxd2 15.Bxd2 Be6  0-1

[Event "Czech GM Open A"]
[Site "Pardubice CZE"]
[Date "2011.07.24"]
[Round "3.1"]
[White "Smith,Ax"]
[Black "Zakhartsov,Vi"]
[Result "0-1"]
[WhiteElo "2465"]
[BlackElo "2578"]

1.d4 Nf6 2.c4 g6 3.Nc3 d5 4.cxd5 Nxd5 5.e4 Nxc3 6.bxc3 Bg7 7.Nf3 c5 8.Rb1 O-O
9.Be2 b6 10.O-O e6 11.Bg5 Qc7 12.Qd2 Bb7 13.d5 exd5 14.exd5 Qd6 15.Rbd1 Nd7
16.Bf4 Ne5 17.Bxe5 Bxe5 18.Nxe5 Qxe5 19.d6 Rad8 20.Rfe1 Qf5 21.h3 Bc6 22.Bg4 Qf6
23.Qd3 h5 24.Bf3 Bxf3 25.Qxf3 Rxd6 26.Qxf6 Rxf6 27.Re7 a5 28.f3 Rc8 29.Kf2 Kf8
30.Rb7 h4 31.Rdd7 Re8 32.Rd2 Kg7 33.Rdd7 Ree6 34.Rd3 Rf4 35.Re3 Rxe3 36.Kxe3 Ra4
37.Rxb6 Rxa2 38.Rc6 Rxg2 39.Rxc5 Rg3 40.Rxa5 Rxh3 41.Ra1 Rh2 42.Rc1 h3 43.f4 Ra2
44.c4 h2 45.c5 Rg2 46.Rh1 Kf6 47.Ke4 Ke7 48.f5 g5 49.Ke5 f6+ 50.Ke4 g4 51.c6 Kd6
52.Kf4 g3 53.c7 Kxc7 54.Rc1+ Kd6 55.Rd1+ Ke7 56.Re1+ Kf8 57.Rh1 Rg1  0-1

[Event "Czech GM Open A"]
[Site "Pardubice CZE"]
[Date "2011.07.24"]
[Round "3.50"]
[White "Gergel,V"]
[Black "Petr,Ma"]
[Result "0-1"]
[WhiteElo "2277"]
[BlackElo "2523"]

1.d4 Nf6 2.c4 g6 3.Nc3 d5 4.cxd5 Nxd5 5.e4 Nxc3 6.bxc3 Bg7 7.Bc4 c5 8.Ne2 Nc6
9.Be3 O-O 10.O-O Qc7 11.dxc5 Ne5 12.Bb3 Rd8 13.Qc2 Ng4 14.Bf4 Qxc5 15.h3 Ne5
16.Rad1 Bd7 17.Rd5 Qc7 18.Rfd1 e6 19.R5d4 Bb5 20.Qd2 Rdc8 21.c4 Be8 22.Bh6 Bxh6
23.Qxh6 Rd8 24.f4 Rxd4 25.Rxd4 Nc6 26.Rd3 Rd8 27.Rf3 Qe7 28.f5 Ne5 29.Rf1 exf5
30.exf5 Bc6 31.Nf4 Qf8 32.Qh4 Rd4 33.Qf2 Nf3+ 34.gxf3 Rxf4 35.fxg6 hxg6 36.Qxa7 Qh6
37.Qb8+ Kh7 38.Rf2 Bxf3 39.Bd1 Qxh3 40.Bxf3 Rxf3 41.Rxf3 Qxf3 42.Qc7 g5 43.Qh2+ Kg6
44.Qd6+ f6 45.Qe6 g4 46.a4 g3 47.Qg8+ Kf5 48.Qh7+ Ke5 49.Qe7+ Kd4 50.Qd6+ Kxc4
51.Qe6+ Qd5 52.Qe2+ Kb4 53.Qe1+ Kxa4 54.Qa1+ Kb5 55.Qb2+ Kc4 56.Qc2+ Kb4
57.Qb2+ Qb3 58.Qd4+ Kb5 59.Kg2 Qe6 60.Qd3+ Kc6 61.Qxg3 Qe4+ 62.Kg1 Qd4+ 63.Kf1 b5
64.Qb8 b4 65.Qe8+ Kc5 66.Qc8+ Kb5 67.Qe8+ Kc4 68.Qe6+ Kc3 69.Qe1+ Kb2 70.Qe2+ Ka3
71.Qa6+ Kb3 72.Ke1 Qe4+ 73.Kf2 f5 74.Qa1 f4 75.Qf6 Qc2+  0-1

[Event "Czech GM Open A"]
[Site "Pardubice CZE"]
[Date "2011.07.24"]
[Round "3.23"]
[White "Arutinian,D"]
[Black "Plat,V"]
[Result "1/2-1/2"]
[WhiteElo "2562"]
[BlackElo "2410"]

1.d4 Nf6 2.c4 g6 3.Nc3 d5 4.cxd5 Nxd5 5.e4 Nxc3 6.bxc3 Bg7 7.Qa4+ Nd7 8.Nf3 c5
9.Bg5 O-O 10.Rc1 Nb6 11.Qa3 h6 12.Be3 cxd4 13.cxd4 Bg4 14.Ne5 Be6 15.Be2 Qd6
16.Qa5 Rfc8 17.O-O Kh7 18.Rfd1 Rxc1 19.Rxc1 Rc8 20.Rxc8 Nxc8 21.f4 f5 22.exf5 gxf5
23.Bf3 Qb6 24.Qxb6 Nxb6 25.Bxb7 Bxa2 26.Bd2 Bxe5  1/2-1/2

[Event "98th ch-GBR"]
[Site "Sheffield ENG"]
[Date "2011.07.24"]
[Round "1.11"]
[White "Wells,P"]
[Black "Mason,D"]
[Result "1/2-1/2"]
[WhiteElo "2489"]
[BlackElo "2237"]

1.d4 Nf6 2.c4 g6 3.Nc3 d5 4.cxd5 Nxd5 5.e4 Nxc3 6.bxc3 Bg7 7.Bc4 c5 8.Ne2 Nc6
9.Be3 O-O 10.O-O Bd7 11.Rb1 Qc7 12.Bf4 Qc8 13.d5 Na5 14.Bd3 e5 15.Bg5 f6
16.Bh4 c4 17.Bc2 b5 18.Bg3 Nb7 19.f4 Re8 20.Kh1 Nd6 21.fxe5 fxe5 22.Qd2 Qc5
23.Ng1 a5 24.Bf2 Qc7 25.Be3 Rab8 26.Bh6 Bc8 27.Bxg7 Kxg7 28.a3 Rb7 29.Rf2 Qc5
30.Rbf1 Rf7 31.Nf3 h6 32.Nh4 Ref8 33.Rxf7+ Rxf7 34.Nf3 Qxa3 35.Rb1 Qc5 36.Nxe5 Rf2
37.Qd1 Qe3 38.Nf3 Bh3 39.Qd4+ Qxd4 40.Nxd4 Bxg2+ 41.Kg1 Rxc2 42.e5 Rd2 43.exd6 Bh3
44.Rxb5 Rg2+ 45.Kh1 Rd2 46.Kg1 Rg2+ 47.Kh1 Rd2  1/2-1/2

[Event "XXXVII Open"]
[Site "Sitges ESP"]
[Date "2011.07.24"]
[Round "3"]
[White "Alexandrova,O"]
[Black "Delgado Ramos,H"]
[Result "1-0"]
[WhiteElo "2393"]
[BlackElo "2488"]

1.d4 Nf6 2.c4 g6 3.Nc3 d5 4.cxd5 Nxd5 5.e4 Nxc3 6.bxc3 Bg7 7.Nf3 c5 8.Bb5+ Nd7
9.O-O O-O 10.a4 a6 11.Bd3 cxd4 12.cxd4 Nc5 13.Bc2 Bg4 14.Be3 Bxf3 15.gxf3 Ne6
16.e5 Qd7 17.Rb1 Rad8 18.Be4 b5 19.axb5 axb5 20.f4 f5 21.Bg2 Nxd4 22.Rb4 Ne6
23.Qb3 Kh8 24.Bb6 Bh6 25.Bxd8 Rxd8 26.Qe3 Rc8 27.Rc1 Rxc1+ 28.Qxc1 Kg7 29.Bf1 Qd5
30.Rxb5 Qf3 31.Bg2 Qxf4 32.Qxf4 Bxf4 33.Rb7 Kf7 34.Rb5 Nd4 35.Bd5+ Kg7 36.Rb7 Bg5
37.Kf1 Kf8 38.Rb4 Nc2 39.Rc4 Na3 40.Ra4 Nb5 41.f4 Bh4 42.Rc4 Kg7 43.Be6 Na3
44.Rc3 Nb5 45.Rc4 Na3 46.Rc5 Kh6 47.Ke2 Kh5 48.Bb3 Kg4 49.Kd2 e6 50.Ra5 Be7
51.Ra4 g5 52.fxg5+ Kxg5 53.h4+ Kg6 54.Ra6 Kh5 55.Rxe6 Bxh4 56.Bd1+ Kg5 57.Be2 Bf2
58.Re7 f4 59.Rf7 Be3+ 60.Kd1 Nb1 61.e6 Nc3+ 62.Ke1 f3 63.Bxf3 Kg6 64.Bh5+  1-0

[Event "Biel MTO Open"]
[Site "Biel SUI"]
[Date "2011.07.25"]
[Round "7"]
[White "Schiendorfer,E"]
[Black "Wirig,A"]
[Result "1/2-1/2"]
[WhiteElo "2304"]
[BlackElo "2510"]

1.d4 Nf6 2.c4 g6 3.Nc3 d5 4.cxd5 Nxd5 5.e4 Nxc3 6.bxc3 Bg7 7.Bc4 c5 8.Ne2 O-O
9.Be3 Nc6 10.O-O Bg4 11.f3 Bd7 12.Rb1 Rc8 13.dxc5 Qc7 14.Qc1 Rfd8 15.Rd1 e6
16.Qb2 Na5 17.Bb5 Bxb5 18.Qxb5 Bf8 19.Kf2 Rxd1 20.Rxd1 Bxc5 21.Qxc5 Qxc5
22.Bxc5 Rxc5 23.Rb1 Kf8 24.Ke3 b6 25.Kd3 e5 26.Nc1 Rc6 27.Rb5 f6 28.Nb3 Nc4
29.Rb4 Nb2+ 30.Kc2 Nc4 31.Kd3 Nb2+ 32.Kc2  1/2-1/2

[Event "11th Curacao Open"]
[Site "Curacao AHO"]
[Date "2011.07.25"]
[Round "4"]
[White "Lopez,Ja"]
[Black "Van Wely,L"]
[Result "0-1"]
[WhiteElo "2127"]
[BlackElo "2683"]

1.d4 Nf6 2.c4 g6 3.Nc3 d5 4.cxd5 Nxd5 5.e4 Nxc3 6.bxc3 Bg7 7.Bc4 O-O 8.Ne2 c5
9.O-O Nc6 10.Be3 Qc7 11.Qc1 Rd8 12.Rd1 Na5 13.Bd3 Bd7 14.Qa3 b6 15.dxc5 e5
16.c4 Bf8 17.Bg5 Rdc8 18.cxb6 axb6 19.Qb2 Ba4 20.Nc3 Bxd1 21.Nd5 Nxc4 22.Bxc4 Qxc4
23.Qxe5 Bg7 24.Nf6+ Bxf6 25.Qxf6 Rc6 26.Qe5 Re8 27.Qb2 Qe2  0-1

[Event "39th GM"]
[Site "Dortmund GER"]
[Date "2011.07.25"]
[Round "5"]
[White "Kramnik,V"]
[Black "Giri,A"]
[Result "1-0"]
[WhiteElo "2781"]
[BlackElo "2701"]

1.d4 Nf6 2.c4 g6 3.Nc3 d5 4.cxd5 Nxd5 5.e4 Nxc3 6.bxc3 Bg7 7.Be3 c5 8.Qd2 Qa5
9.Rc1 cxd4 10.cxd4 Qxd2+ 11.Bxd2 O-O 12.Nf3 e6 13.h4 Nc6 14.e5 Bd7 15.Rb1 b6
16.h5 Ne7 17.hxg6 fxg6 18.Bc4 Rac8 19.Bb3 Nd5 20.Ng5 h6 21.Ne4 g5 22.Nd6 Rc7
23.Ke2 Rd8 24.Rh3 Bc6 25.Rbh1 Rf8 26.Rc1 Bd7 27.Rxc7 Nxc7 28.Rc3 Na6 29.g3 Rd8
30.f4 Bf8 31.f5 Bxd6 32.exd6 Bb5+ 33.Ke3 Rxd6 34.fxe6 Kf8 35.Rc8+ Ke7 36.d5 Rd8
37.Rxd8 Kxd8 38.d6 Nc5 39.Bd5 Bd7 40.exd7 Kxd7 41.Kd4 Kxd6 42.Bb4 a5 43.Bxc5+ bxc5+  1-0

[Event "XXXVII Open"]
[Site "Sitges ESP"]
[Date "2011.07.25"]
[Round "4"]
[White "Papadopoulou,V"]
[Black "Asis Gargatagli,H"]
[Result "1/2-1/2"]
[WhiteElo "2210"]
[BlackElo "2431"]

1.d4 Nf6 2.c4 g6 3.Nc3 d5 4.cxd5 Nxd5 5.e4 Nxc3 6.bxc3 Bg7 7.Bc4 c5 8.Ne2 O-O
9.O-O Nc6 10.Be3 Bg4 11.f3 Bd7 12.Rc1 Rc8 13.Qd2 Qa5 14.Qb2 b6 15.Rfd1 Rfd8
16.a3 Be8 17.e5 cxd4 18.cxd4 Nxe5 19.dxe5 Rxd1+ 20.Rxd1 Rxc4 21.f4 Rc8 22.Qb4 Qa4
23.Rd2 Kf8 24.Kf2 Qxb4 25.axb4 Bb5 26.Nd4 Bd7 27.b5 Ke8 28.Kf3 e6 29.Ra2 Rc7
30.g4 Bf8 31.Nc6 a5 32.Bxb6 Bxc6+ 33.bxc6 Rxc6 34.Rxa5 Rxb6 35.Ra8+ Ke7 36.Ra7+ Ke8
37.Ra8+  1/2-1/2

[Event "Biel MTO Open"]
[Site "Biel SUI"]
[Date "2011.07.26"]
[Round "8"]
[White "Paikidze,N"]
[Black "Khmelniker,I"]
[Result "1/2-1/2"]
[WhiteElo "2416"]
[BlackElo "2510"]

1.d4 Nf6 2.c4 g6 3.Nc3 d5 4.cxd5 Nxd5 5.e4 Nxc3 6.bxc3 Bg7 7.Bc4 c5 8.Ne2 Nc6
9.Be3 O-O 10.O-O Na5 11.Bd3 b6 12.Qd2 Bb7 13.Bh6 e6 14.Bxg7 Kxg7 15.Rac1 Rc8
16.Qf4 Nc6 17.Qg3 cxd4 18.cxd4 Nxd4 19.Nf4 e5 20.Rxc8 Bxc8 21.Nd5 Qd6 22.f4 exf4
23.Nxf4 Kg8 24.Kh1 Be6 25.Qg5 Nc6 26.Nh5 Qxd3 27.Nf6+ Kh8 28.Rg1 Rg8 29.Qh6 Rg7
30.Nxh7 Kg8 31.Nf6+ Kf8 32.Qh8+ Ke7 33.Qxg7 Bxa2 34.Ng8+ Ke8 35.Qa1 Bb3 36.Rc1 Qd4
37.Qa6 Be6 38.h3 Kf8 39.Rxc6 Kxg8 40.Qxa7 Qxe4 41.Qb8+ Kg7 42.Rxb6 Bxh3 43.Qg3 Bxg2+
44.Qxg2 Qe1+ 45.Qg1 Qh4+  1/2-1/2

[Event "Open NK"]
[Site "Dieren NED"]
[Date "2011.07.26"]
[Round "7"]
[White "Brown,An"]
[Black "Vos,T"]
[Result "1-0"]
[WhiteElo "2202"]
[BlackElo "1842"]

1.d4 Nf6 2.c4 g6 3.Nc3 d5 4.cxd5 Nxd5 5.e4 Nxc3 6.bxc3 Bg7 7.Bb5+ c6 8.Ba4 O-O
9.Ne2 c5 10.O-O Nc6 11.Be3 cxd4 12.cxd4 Qa5 13.Rb1 Rd8 14.h3 a6 15.f4 b5
16.Bb3 Qb6 17.Kh1 Bb7 18.f5 gxf5 19.Bxf7+ Kxf7 20.Qb3+ e6 21.Rxf5+ Kg8 22.Qxe6+ Kh8
23.Rh5 Qc7 24.Nf4 Bxd4 25.Ng6+  1-0

[Event "XXXVII Open"]
[Site "Sitges ESP"]
[Date "2011.07.26"]
[Round "5"]
[White "Gonzalez Garcia,J2"]
[Black "Pulvett,D"]
[Result "1-0"]
[WhiteElo "2522"]
[BlackElo "2303"]

1.d4 Nf6 2.c4 g6 3.Nc3 d5 4.cxd5 Nxd5 5.e4 Nxc3 6.bxc3 Bg7 7.Nf3 c5 8.Be3 Qa5
9.Qd2 O-O 10.Rc1 Rd8 11.d5 e6 12.Bg5 f6 13.Be3 Qa4 14.c4 exd5 15.exd5 Na6
16.Be2 Nb4 17.Bxc5 a5 18.O-O Qxa2 19.Qe3 Bf5 20.Ra1 Qb2 21.Bd4 Qc2 22.Ne1 Qe4
23.Qxe4 Bxe4 24.Bb6 Re8 25.Rxa5 Rxa5 26.Bxa5 Bf8 27.Bf3 Bxf3 28.Nxf3 Re4
29.Bxb4 Bxb4 30.Rc1 b6 31.Kf1 Kf8 32.Rc2 Kf7 33.g3 Kf8 34.Ng1 Re1+ 35.Kg2 Ke7
36.Rb2 Ba5 37.Ne2 Kd6 38.Rc2 Kc5 39.Nf4 Re4 40.Ne6+ Kb4 41.c5 bxc5 42.Nxc5 Rd4
43.Nd7 f5 44.Rb2+ Kc4 45.Ne5+ Kc5 46.Nc6 Bc3 47.Nxd4 Bxb2 48.Ne6+ Kxd5 49.Nf8 g5
50.Nxh7 g4 51.Nf8 Ke4 52.Ne6 Bf6 53.Nc5+ Kd5 54.Nd3 Ke4 55.Nf4 Bg5 56.Ne6 Bh6
57.Nc5+ Kd5 58.Nd7 Ke4 59.Nb6 Bd2 60.Nc4 Bc1 61.Nd6+ Ke5 62.Nc4+ Ke4 63.Kf1 f4
64.gxf4 Bxf4 65.Kg2 Kd4 66.Ne3 Ke4 67.Nxg4 Kf5 68.Kf3 Kg5 69.h4+ Kf5 70.Ne3+ Ke5
71.Nc4+ Kf5 72.Ne3+ Ke5 73.Kg4 Bh6 74.Kh5 Bf4 75.Ng2 Bd2 76.Kg6 Ke4 77.f4 Kf3
78.f5 Bc3 79.h5  1-0

[Event "Open Women ch-BUL"]
[Site "Vratsa BUL"]
[Date "2011.07.26"]
[Round "3"]
[White "Dragomirescu,An"]
[Black "Genova,R"]
[Result "1/2-1/2"]
[WhiteElo "2190"]
[BlackElo "2188"]

1.d4 Nf6 2.c4 g6 3.Nc3 d5 4.cxd5 Nxd5 5.e4 Nxc3 6.bxc3 Bg7 7.Be3 c5 8.Qd2 Qa5
9.Rb1 cxd4 10.cxd4 Qxd2+ 11.Kxd2 O-O 12.Nf3 Nc6 13.d5 Rd8 14.Bd3 Na5 15.Ke2 b6
16.Rhc1 e6 17.Bg5 f6 18.Bd2 Nb7 19.Bb4 exd5 20.exd5 Bf8 21.Bxf8 Kxf8 22.Rc7 Rd7
23.Rc6 Nc5 24.Bc4 Kg7 25.Nd4 Bb7 26.Ne6+ Nxe6 27.Rxe6 Bxd5 28.Bxd5 Rxd5 29.Re7+ Kh6
30.Rb3 Re5+ 31.Rxe5 fxe5 32.Rc3 Kg5 33.Rc7 h5 34.Ke3 Kf5 35.h4 b5 36.Rf7+ Ke6
37.Rg7 Kf6 38.Rb7 Rc8 39.Rxb5 Rc3+ 40.Kd2 Ra3 41.Rb2 Kf5 42.Ke2 e4 43.g3 Kg4
44.Rc2 e3 45.Rc6 Kh3 46.Rxg6 exf2 47.Kxf2 Rxa2+ 48.Kf3 a5 49.Rg5 a4 50.Rxh5 Ra3+
51.Kf4 Rxg3 52.Ra5 Kxh4 53.Ke4  1/2-1/2

[Event "Biel MTO Open"]
[Site "Biel SUI"]
[Date "2011.07.27"]
[Round "9"]
[White "Rodshtein,M"]
[Black "Kovchan,A"]
[Result "1/2-1/2"]
[WhiteElo "2637"]
[BlackElo "2554"]

1.d4 Nf6 2.c4 g6 3.Nc3 d5 4.cxd5 Nxd5 5.e4 Nxc3 6.bxc3 Bg7 7.Be3 c5 8.Qd2 Qa5
9.Rc1 cxd4 10.cxd4 Qxd2+ 11.Bxd2 O-O 12.Nf3 Bg4 13.Be3 Nd7 14.Rc7 e5 15.d5 Rfc8
16.Rxb7 Nc5 17.Rb4 Bf8 18.Nxe5 Nd7 19.Nd3 Bxb4+ 20.Nxb4 Rcb8 21.Nc6 Rb1+
22.Kd2 Nb6 23.f3 Bd7 24.Kc2 Ra1 25.Kb2 Rxf1 26.Rxf1 Nc4+ 27.Kc3 Nxe3 28.Rg1 Bxc6
29.dxc6 Rc8  1/2-1/2

[Event "Biel MTO Open"]
[Site "Biel SUI"]
[Date "2011.07.27"]
[Round "9"]
[White "Grachev,B"]
[Black "Edouard,R"]
[Result "1-0"]
[WhiteElo "2680"]
[BlackElo "2587"]

1.d4 Nf6 2.c4 g6 3.Nc3 d5 4.cxd5 Nxd5 5.e4 Nxc3 6.bxc3 Bg7 7.Qa4+ Qd7 8.Qb3 O-O
9.Be3 b6 10.Bb5 c6 11.Be2 c5 12.d5 e6 13.Nf3 exd5 14.exd5 Ba6 15.Bxa6 Nxa6
16.Rd1 Nc7 17.c4 Ne8 18.O-O Nd6 19.Bf4 Rfe8 20.Bxd6 Qxd6 21.Rfe1 Qd7 22.g3 Rxe1+
23.Rxe1 Re8 24.Qd1 Bf6 25.h4 b5 26.Rxe8+ Qxe8 27.Qd3 b4 28.d6 a5 29.d7 Qd8
30.Qd1 Kg7 31.Qa4 Kf8 32.Qc6 Ke7 33.Qxc5+ Kxd7 34.Nd2 Ke8 35.Nb3 a4 36.Na5 Qd1+
37.Kg2 Be7 38.Qb5+ Kf8 39.Nc6 Qe2 40.Nxe7 Qxe7 41.Qxa4 Qe4+ 42.Kh2 Qe1 43.Qc2 Qc3
44.Qe2 h5 45.Kg2 Qd4 46.Kf3 Qf6+ 47.Ke4 Qe7+ 48.Kd3 Qd7+ 49.Ke3 Qe6+ 50.Kd2 Qf6
51.Kd3 Qd8+ 52.Kc2 Qa5 53.Kb1 Qf5+ 54.Qc2 Qe5 55.c5 Ke7 56.c6 Kd8 57.Qd2+ Kc7
58.Qxb4 Qf5+ 59.Kc1 Qxf2 60.Qf4+ Qxf4+ 61.gxf4 Kxc6 62.Kd2 Kd5 63.Ke3 f6
64.Kd3 Kc5 65.Ke4 Kb4 66.f5  1-0

[Event "Czech GM Open A"]
[Site "Pardubice CZE"]
[Date "2011.07.27"]
[Round "6.69"]
[White "Kutynec,V"]
[Black "Studnicka,Toma"]
[Result "1-0"]
[WhiteElo "2259"]
[BlackElo "2374"]

1.d4 Nf6 2.c4 g6 3.Nc3 d5 4.cxd5 Nxd5 5.e4 Nxc3 6.bxc3 Bg7 7.Nf3 c5 8.Bb5+ Bd7
9.Bxd7+ Qxd7 10.O-O cxd4 11.cxd4 Nc6 12.Be3 O-O 13.d5 Ne5 14.Nxe5 Bxe5 15.Rc1 Rfc8
16.Qb3 Rxc1 17.Rxc1 Rc8 18.Rxc8+ Qxc8 19.f4 Bd6 20.Kf1 b6 21.e5 Qa6+ 22.Kf2 Ba3
23.d6 exd6 24.e6 Kf8 25.f5 Bc5 26.Bxc5 dxc5 27.Qd5 Qc8 28.Qe5 Qb7 29.Qh8+ Ke7
30.exf7  1-0

[Event "ch-AUT"]
[Site "Linz AUT"]
[Date "2011.07.28"]
[Round "6"]
[White "Niederwieser,P"]
[Black "Liedl,W"]
[Result "1/2-1/2"]
[WhiteElo "2188"]
[BlackElo "2213"]

1.d4 Nf6 2.c4 g6 3.Nc3 d5 4.cxd5 Nxd5 5.e4 Nxc3 6.bxc3 Bg7 7.Nf3 c5 8.Bb5+ Nc6
9.O-O cxd4 10.cxd4 O-O 11.Be3 Bg4 12.Bxc6 bxc6 13.Rc1 Rc8 14.Rc4 f5 15.Qc2 Bxf3
16.gxf3 f4 17.Bc1 Bxd4 18.Rxc6 e5 19.Ba3 Rxc6 20.Qxc6 Rf6 21.Qc4+ Kg7 22.Rc1 Rf7
23.Rc2 Qg5+ 24.Kf1 Qh5 25.Kg2 Qg5+ 26.Kf1 Qh5 27.Kg2 Qg5+ 28.Kf1  1/2-1/2

[Event "ch-AUT"]
[Site "Linz AUT"]
[Date "2011.07.29"]
[Round "7"]
[White "Menezes,Chr"]
[Black "Hoelzl,F"]
[Result "1-0"]
[WhiteElo "2200"]
[BlackElo "2349"]

1.d4 Nf6 2.c4 g6 3.Nc3 d5 4.cxd5 Nxd5 5.e4 Nxc3 6.bxc3 Bg7 7.Nf3 c5 8.Be3 Qa5
9.Qd2 O-O 10.Rc1 Rd8 11.Be2 Nc6 12.d5 b6 13.O-O Bg4 14.Rfe1 e6 15.Bg5 f6
16.Bf4 e5 17.Bh6 Ne7 18.h3 Bd7 19.Bxg7 Kxg7 20.Nxe5 fxe5 21.Qg5 Kf7 22.f4 exf4
23.Rf1 Qxa2 24.Rxf4+ Bf5 25.exf5 Qxe2 26.fxg6+ Ke8 27.g7 Kd7 28.Rff1 h6 29.Qxh6 Nf5
30.Qc6+  1-0

[Event "Lake Sevan GM"]
[Site "Martuni ARM"]
[Date "2011.07.29"]
[Round "8"]
[White "Pashikian,A"]
[Black "Zhou Jianchao"]
[Result "1/2-1/2"]
[WhiteElo "2616"]
[BlackElo "2636"]

1.d4 Nf6 2.c4 g6 3.Nc3 d5 4.cxd5 Nxd5 5.e4 Nxc3 6.bxc3 Bg7 7.Be3 c5 8.Qd2 Qa5
9.Rc1 O-O 10.Nf3 Rd8 11.d5 e6 12.Bg5 Re8 13.d6 Nd7 14.Bh6 Qa4 15.Bd3 e5 16.h4 Nf6
17.Bxg7 Kxg7 18.h5 Nxe4 19.Qe3 Nxd6 20.hxg6 hxg6 21.Qh6+ Kf6 22.Qg5+ Kg7
23.Qh6+ Kf6 24.Qg5+ Kg7  1/2-1/2

[Event "Lake Sevan GM"]
[Site "Martuni ARM"]
[Date "2011.07.29"]
[Round "8"]
[White "Grigoryan,Av"]
[Black "Melkumyan,H"]
[Result "1/2-1/2"]
[WhiteElo "2608"]
[BlackElo "2600"]

1.d4 Nf6 2.c4 g6 3.Nc3 d5 4.cxd5 Nxd5 5.e4 Nxc3 6.bxc3 Bg7 7.Nf3 c5 8.Rb1 O-O
9.Be2 b6 10.O-O Bb7 11.Qd3 e6 12.Bg5 Qd6 13.Qe3 cxd4 14.cxd4 Rc8 15.Bh6 Bxh6
16.Qxh6 Nd7 17.Bd3 Rc3 18.Rbd1 Nf8 19.Rfe1 Rac8 20.h4 Bc6 21.h5 Ba4 22.Rc1 Qa3
23.Rxc3 Rxc3 24.Bb1 Bc2 25.Bxc2 Rxc2 26.Qf4 gxh5 27.d5 Ng6 28.Qg5 Qc5 29.Re3 Rc1+
30.Kh2 Qc7+ 31.e5 exd5 32.Qxh5 Kg7 33.Nd4 Qc4 34.Nf5+ Kg8 35.Rf3 Qe4 36.Nh6+ Kf8
37.Nxf7 Qh4+ 38.Qxh4 Nxh4 39.Rf6 Ke7 40.Ng5 d4 41.Rf7+ Ke8 42.Rxh7 Ng6 43.e6 Re1
44.Rxa7 Ne5 45.f4 d3 46.fxe5 d2 47.Nf7 Kf8 48.Nd6 Kg8 49.e7 Rxe5 50.e8=Q+ Rxe8
51.Nxe8 d1=Q 52.Nf6+ Kf8 53.Nh7+  1/2-1/2

[Event "5th AD San Juan Open"]
[Site "Pamplona ESP"]
[Date "2011.07.29"]
[Round "7"]
[White "Damljanovic,B"]
[Black "Delchev,A"]
[Result "1/2-1/2"]
[WhiteElo "2611"]
[BlackElo "2622"]

1.c4 Nf6 2.Nc3 d5 3.cxd5 Nxd5 4.d4 g6 5.e4 Nxc3 6.bxc3 Bg7 7.Be3 c5 8.Rc1 O-O
9.Qd2 Qa5 10.Nf3 Rd8 11.d5 e6 12.c4 Qxd2+ 13.Nxd2 b6 14.h4 Na6 15.h5 Re8
16.hxg6 hxg6 17.a3 Bd7 18.Bd3 Rad8 19.O-O Ba4 20.Nb1 exd5 21.exd5 Nc7 22.Nc3 Rxe3
23.fxe3 Bd7 24.Kf2 Ne8 25.Ke2 Nd6 26.Kd2 Re8 27.Rce1 Be5 28.a4 Kg7 29.Nb5 Bxb5
30.axb5 Ra8 31.Rb1 a5 32.bxa6 Rxa6 33.Rfc1 f5 34.Rc2 Kf6 35.Ke2 Kg5  1/2-1/2

[Event "Czech GM Open A"]
[Site "Pardubice CZE"]
[Date "2011.07.29"]
[Round "8.21"]
[White "Abel,D"]
[Black "Petr,Ma"]
[Result "0-1"]
[WhiteElo "2418"]
[BlackElo "2523"]

1.d4 Nf6 2.c4 g6 3.Nc3 d5 4.cxd5 Nxd5 5.e4 Nxc3 6.bxc3 Bg7 7.Bc4 c5 8.Ne2 Nc6
9.Be3 O-O 10.O-O Qc7 11.Rc1 b6 12.Qd2 Bb7 13.Bh6 Rad8 14.Bxg7 Kxg7 15.f4 cxd4
16.cxd4 Qd6 17.Bd5 e6 18.Bxc6 Bxc6 19.d5 Kg8 20.Nd4 Bd7 21.Qe3 e5 22.fxe5 Qxe5
23.Nf3 Qd6 24.e5 Qxd5 25.Rfd1 Qxa2 26.Rd2 Qe6 27.Rd6 Qf5 28.Rcd1 Rfe8 29.Qd4 Re7
30.e6 Rxe6 31.Rxd7 Rxd7 32.Qxd7 Qc5+ 33.Kf1 a5 34.Qd8+ Kg7 35.Qd4+ Qxd4 36.Rxd4 h6
37.Rd7 Kf6 38.Rb7 Rd6 39.Ke2 Ke6 40.Ke3 f5 41.Nd4+ Kd5 42.Rc7 f4+ 43.Kd3 g5
44.h3 a4 45.Nb5 Rd8 46.Nc3+ Ke5+ 47.Kc2 Rd4 48.Re7+ Kf5 49.Rf7+ Kg6 50.Ra7 Kh5
51.Nxa4 Re4 52.Nc3 Re3 53.Rb7 Rg3 54.Rxb6 Rxg2+ 55.Kd1 Rg3 56.Ne4 Rd3+ 57.Nd2 Rxh3
58.Ke1 Kg4 59.Kf1 h5 60.Ne4 Rf3+ 61.Kg2 Re3 62.Nf2+ Kh4 63.Rf6 Rg3+ 64.Kh2 f3
65.Kh1 g4 66.Rf5 Rg2 67.Nxg4 Kg3 68.Ne3 Re2 69.Nf1+ Kf2 70.Rxh5 Kxf1 71.Ra5 Kf2
72.Kh2 Ke3+ 73.Kg1 Re1+ 74.Kh2 f2 75.Ra3+ Ke4 76.Ra4+ Kd5  0-1

[Event "98th ch-GBR"]
[Site "Sheffield ENG"]
[Date "2011.07.29"]
[Round "5.26"]
[White "Shaw,P"]
[Black "Salimbeni,G"]
[Result "1/2-1/2"]
[WhiteElo "2162"]
[BlackElo "2150"]

1.d4 Nf6 2.c4 g6 3.Nc3 d5 4.cxd5 Nxd5 5.e4 Nxc3 6.bxc3 Bg7 7.Be3 c5 8.Qd2 Qa5
9.Rc1 O-O 10.d5 Nd7 11.c4 Qxd2+ 12.Kxd2 f5 13.exf5 gxf5 14.Nh3 b6 15.Nf4 Nf6
16.f3 e6 17.Nxe6 Bxe6 18.dxe6 Rae8 19.Bd3 Rxe6 20.Rce1 Nd7 21.f4 Nb8 22.Bf2 Rd6
23.Kc2 Nc6 24.a3 Bb2 25.Rd1 Bd4 26.Bxd4 Rxd4 27.g3 Kg7 28.Rhe1 Kf6 29.Bf1 Rg8
30.Bg2 Rxd1 31.Kxd1 Nd4 32.Bd5 Rd8 33.Re5 h5 34.a4 h4 35.Ke1 hxg3 36.hxg3 Rh8
37.Kf2 Rh2+ 38.Bg2 Rh7 39.a5 Rc7 40.axb6 axb6 41.Re8 Ra7 42.Ra8 Ra5 43.Bd5 Rxa8
44.Bxa8 b5 45.cxb5 Nxb5 46.Bf3 Nd4 47.g4 fxg4 48.Bxg4 c4 49.Ke3 Ne6  1/2-1/2

[Event "Open Women ch-BUL"]
[Site "Vratsa BUL"]
[Date "2011.07.29"]
[Round "6"]
[White "Vasileva,V"]
[Black "Tsekova,V"]
[Result "0-1"]
[WhiteElo "1747"]
[BlackElo "1853"]

1.d4 Nf6 2.c4 g6 3.Nc3 d5 4.cxd5 Nxd5 5.e4 Nxc3 6.bxc3 Bg7 7.Ba3 O-O 8.Nf3 b6
9.Bc4 Bb7 10.Qe2 c5 11.O-O cxd4 12.cxd4 Nc6 13.Rad1 Rc8 14.Bd5 Re8 15.Bxf7+ Kxf7
16.Ng5+ Kg8 17.Qc4+ e6 18.Nxe6 Na5 19.Nxd8+ Rxc4 20.Nxb7 Nxb7 21.e5 Rc2 22.f4 Rxa2
23.Rf3 Rc2 24.d5 Bf8 25.d6 Nd8 26.d7 Re6 27.f5 gxf5 28.Bxf8 Kxf8 29.Rxf5+ Ke7
30.Rg5 Rg6 31.Rh5 h6 32.g3 Rc7 33.e6 Rxe6 34.Rhd5 a5 35.h4 a4 36.g4 a3 37.g5 hxg5
38.hxg5 a2 39.R5d2 Ra7 40.Ra1 Rxd7 41.Rdxa2 Rg6 42.Re2+ Kd6 43.Rg2 Rdg7 44.Ra6 Kc7
45.Ra7+ Kb8 46.Ra6 Kb7 47.Rga2 Rxg5+ 48.Kf1 Rg1+ 49.Ke2 R1g2+ 50.Kd3 Rxa2
51.Rxa2 Rc7 52.Rb2 Rc1 53.Kd2 Rc5 54.Kd3 Kc6 55.Rb1 b5 56.Rb2 Rc4 57.Rh2 Nb7
58.Rh6+ Nd6 59.Rg6 Kc5 60.Rg1 Ne4 61.Rg2 Kd5 62.Rb2 Rc3+ 63.Ke2 Kc4 64.Kd1 b4
65.Re2 Nc5 66.Re5 b3 67.Re2 Kb4 68.Rb2 Ka3 69.Rb1 Ka2  0-1